| 000 | 02053nam a2200361 a 4500 | ||
|---|---|---|---|
| 999 |
_c345405 _d345405 |
||
| 003 | BLK | ||
| 005 | 20240916095132.0 | ||
| 008 | 190920b bu ||||fr|||| 00| 0 bu d | ||
| 020 | _a9789540138640 | ||
| 040 | _aBLK | ||
| 041 |
_aBUL _cBUL |
||
| 080 |
_aХимия. Кристалография. Минералогия. Вж и 577.1; 66; 612.015; 631.41 _b54 _x(072)(075.3) _z54(072)(075.3) |
||
| 100 |
_aБоянова, Лиляна _qЙорданова, Лиляна Боянова _9366905 |
||
| 139 |
_aБоянова, Лиляна _bБ 74 |
||
| 245 |
_aХимия и опазване на околната среда 10. клас _bКнига за учителя |
||
| 246 | _aКнига за учителя по химия и опазване на околната среда за 10. клас | ||
| 260 |
_9209435 _aСофия _bПросвета _c2019 _fАлианс принт |
||
| 300 |
_a84 с. _bс табл. _c24 см |
||
| 380 | _a5 | ||
| 500 | _aЗагл. в изд. каре: Книга за учителя по химия и опазване на околната среда за 10. клас Други авт.: Красимир Николов, Емилия Тодорова, Ивайло Ушагелов Пълната форма на името на авт. Лиляна Боянова е Лиляна Боянова Йорданова Комплект с уч. тетрадка и учебник | ||
| 650 | 7 |
_9176577 _aХимия |
|
| 653 | 7 |
_9190921 _aметодики |
|
| 653 | 7 |
_9190920 _aметодика на преподаването |
|
| 653 | 7 |
_9197223 _aсредни училища |
|
| 653 | 0 |
_9390621 _a10-ти клас |
|
| 700 |
_aНиколов, Красимир Йорданов _eсъавт. _91445 |
||
| 700 |
_aТодорова, Емилия Стефанова _eсъавт. _91445 |
||
| 700 |
_aУшагелов, Ивайло Стоянов _eсъавт. _91445 |
||
| 852 | _bЦб | ||
| 942 |
_cKNG _n0 _s1 _01 |
||
| 944 |
_aCR _c2019-09-20 _k30550 _lКети Илиева |
||
| 999 | _d345405 | ||